ESG - Risk Management or New Sustainability? VIII.BUEB International Sustainability Student ConferenceProceedings - Budapest University of Economics and Business 2025

Bibliográfiai részletek
Szerző: Szegedi Krisztina
Dokumentumtípus: Könyv
Megjelent: Budapesti Gazdaságtudományi Egyetem Budapest, Magyarország 2026
Tárgyszavak:
doi:10.29180/978-615-6886-27-9

Online Access:http://publikaciotar.uni-bge.hu/2630

MARC

LEADER 00000nam a2200000 i 4500
001 publ2630
005 20260326113156.0
008 260326s2026 hu o 000 zxx d
020 |a 978-615-6886-27-9 
024 |a 10.29180/978-615-6886-27-9  |2 doi 
040 |a BGE Publikációtár Repozitórium  |b hun 
100 1 |a Szegedi Krisztina 
245 1 0 |a ESG - Risk Management or New Sustainability?  |b VIII.BUEB International Sustainability Student ConferenceProceedings - Budapest University of Economics and Business 2025  |c Szegedi Krisztina  |h [elektronikus dokumentum] 
260 |a Budapesti Gazdaságtudományi Egyetem  |b Budapest, Magyarország  |c 2026 
300 |a 252 
650 4 |a regionális tudományok 
856 4 0 |u https://publikaciotar.uni-bge.hu/id/eprint/2630/1/SUS%20Conference%20Proceedings%20-%20ESG%20Risk%20Managenemt.pdf  |z Dokumentum-elérés